000
00292nam a22001337a 4500
008
180924b xxu||||| |||| 00| 0 eng d
020
_a
0471905410
041
_a
eng
080
_a
574
100
_a
9
101
_a
MJE
245
_a
Mechanics of Geomaterials
_c
Bazant, Z.P
942
_2
udc
_c
BK
999
_c
48381
_d
48381